Sant Jordi en la Filatelia 1863-1970 (St. George and the Dragon on stamps - topical) (Record no. 3300)

000 -LEADER
fixed length control field 00373nam a22000977a 4500
008 - FIXED-LENGTH DATA ELEMENTS--GENERAL INFORMATION
fixed length control field 220131b ||||| |||| 00| 0 eng d
100 ## - MAIN ENTRY--AUTHOR'S NAME
Author's Name Baraut, Maiol
245 ## - TITLE STATEMENT
Title Sant Jordi en la Filatelia 1863-1970 (St. George and the Dragon on stamps - topical)
260 ## - PUBLICATION, DISTRIBUTION, ETC. (IMPRINT)
Place of publication, distribution, etc. Monserrat, British Caribbean
Name of publisher, distributor, etc. Publications de l'Abadia de Montserrat
Date of publication, distribution, etc. 1972
650 ## - TOPICAL TERM (Tag)
Topical term or geographic name St. George Topical; Dragon;
Holdings
Withdrawn status Lost status Source of classification or shelving scheme Damaged status Koha normalized classification for sorting Not for loan Permanent Location Current Location Shelving location Date acquired Total Checkouts Full call number Barcode Date last seen Copy number Price effective from Koha item type
        G3201 T674 B227   Northern Philatelic Library Northern Philatelic Library General Stacks 01/31/2022   G3201 T674 B227 1005759 01/31/2022 1 01/31/2022 Books

Powered by Koha